| 000 | 00522nam a2200133Ia 4500 | ||
|---|---|---|---|
| 008 | 220620s9999||||xx |||||||||||||| ||und|| | ||
| 022 | _a21929963 | ||
| 100 | _aFett, Theo | ||
| 245 | 0 | _aNew contributions to R-curves and bridging stresses - Applications of weight functions | |
| 546 | _aEnglish[eng] | ||
| 650 | _aBridging stresses||Crack-growth resistance||weight function||silicon nitride||Siliziumnitrid||R-curve||Keramik||R-Kurven||Gewichtsfunktionen | ||
| 856 | _uhttps://www.ksp.kit.edu/9783866448360 | ||
| 942 | _cEB | ||
| 999 |
_c27709 _d27709 |
||